Interactions : Exploring the functions of the human body
Part of a series of CD-ROMs focusing on the examination of physiological processes within each system of the body, using animations, interactivity, and clinical correlations to enhance student understanding. At the heart of Interactions is a focus on core principles - homeostasis; communication; ene...
Zapisane w:
| Format: | Książka |
|---|---|
| Język: | Undetermined |
| Wydane: |
Hoboken, NJ.
John Wiley & Sons
2003
|
| Hasła przedmiotowe: | |
| Etykiety: |
Dodaj etykietę
Nie ma etykietki, Dołącz pierwszą etykiete!
|
| Thư viện lưu trữ: | Trung tâm Học liệu Trường Đại học Cần Thơ |
|---|
| LEADER | 01112nam a2200217Ia 4500 | ||
|---|---|---|---|
| 001 | CTU_166071 | ||
| 008 | 210402s9999 xx 000 0 und d | ||
| 020 | |c 2.9 | ||
| 082 | |a 612.42 | ||
| 082 | |b I.61/Ver.1.2 | ||
| 245 | 0 | |a Interactions : | |
| 245 | 0 | |b Exploring the functions of the human body | |
| 245 | 0 | |c Thomas Lancraft... [et al.] | |
| 260 | |a Hoboken, NJ. | ||
| 260 | |b John Wiley & Sons | ||
| 260 | |c 2003 | ||
| 520 | |a Part of a series of CD-ROMs focusing on the examination of physiological processes within each system of the body, using animations, interactivity, and clinical correlations to enhance student understanding. At the heart of Interactions is a focus on core principles - homeostasis; communication; energy flow; fluid flow; and boundaries - that underscore the key relationships between structure and function as well as interrelationships between systems. | ||
| 650 | |a Lymphatics,Skin,Immune system | ||
| 650 | |x Interactive multimedia,Interactive multimedia,Interactive multimedia | ||
| 904 | |i Loan, Bạch Trúc | ||
| 980 | |a Trung tâm Học liệu Trường Đại học Cần Thơ | ||